[Event "Haarlem op"]
[Site "Haarlem"]
[Date "1996.??.??"]
[Round "6"]
[White "Erwich, Frans AGM"]
[Black "Konings, Leon"]
[Result "0-1"]
[WhiteElo "2175"]
[BlackElo "2230"]

1.d4 Nf6 2.c4 e6 3.Nc3 Bb4 4.Nf3 b6 5.Bg5 Bb7 6.e3 h6 7.Bh4 g5 8.Bg3 Bxc3+
9.bxc3 d6 10.Nd2 Nbd7 11.f3 Qe7 12.a4 a5 13.Rb1 e5 14.Bd3 exd4 15.e4 dxc3
16.Nb3 Nh5 17.Bf2 Nf4 18.Bd4 Ne5 19.Bf1 Bc6 20.Ra1 f5 21.Bxc3 fxe4 22.Nd4 exf3
23.Nxc6 Nxc6+ 24.Kf2 Rf8 25.g3 Ng2 26.Qd2 O-O-O 27.Rb1 d5  0-1

[Event "Hafnarfjordur op"]
[Site "Hafnarfjordur"]
[Date "1996.??.??"]
[Round "2"]
[White "Asgeirsson, Heimir"]
[Black "Thorfinnsson, Bjorn"]
[Result "1-0"]
[WhiteElo "2185"]
[BlackElo "2065"]

1.d4 Nf6 2.c4 e6 3.Nc3 Bb4 4.Nf3 b6 5.Bg5 Bb7 6.e3 h6 7.Bh4 O-O 8.Bd3 g5
9.Bg3 Ne4 10.Qc2 f5 11.a3 Bxc3+ 12.bxc3 h5 13.h3 Nxg3 14.fxg3 g4 15.hxg4 hxg4
16.Ng1 Qg5 17.Qf2 d6 18.Ne2 e5 19.O-O-O Nd7 20.Rh4 Be4 21.Bxe4 fxe4 22.Qg1 Rf7
23.Kd2 exd4 24.cxd4 Qa5+ 25.Nc3 Nf6 26.Kc2 Kg7 27.Rf1 Qa6 28.Kb3 Qc8 29.Qf2 Qe6
30.Qf4  1-0

[Event "Hafnarfjordur op"]
[Site "Hafnarfjordur"]
[Date "1996.??.??"]
[Round "8"]
[White "Asgeirsson, Heimir"]
[Black "Thorfinnsson, Bragi"]
[Result "0-1"]
[WhiteElo "2185"]
[BlackElo "2155"]

1.d4 Nf6 2.c4 e6 3.Nc3 Bb4 4.Nf3 c5 5.g3 O-O 6.Bg2 d6 7.O-O Bxc3 8.bxc3 Nbd7
9.Bf4 Qb6 10.dxc5 dxc5 11.Qd3 Re8 12.Rfb1 Qa6 13.Ne5 Nxe5 14.Bxe5 Ng4 15.Bc7 e5
16.h3 Nf6 17.Rb5 e4 18.Qe3 b6 19.Qf4 Bd7 20.g4 Bxb5 21.cxb5 Qxb5 22.Be5 Nd5
23.Qxe4 Nxc3 24.Qf5 Qb2 25.Re1 Nxe2+ 26.Rxe2 Qxe2 27.Be4 g6 28.Qf6 Rxe5 29.Qxe5 Rd8
30.Qf4 c4 31.h4 Qd2 32.Qe5  0-1

[Event "Hamburg HSK"]
[Site "Hamburg"]
[Date "1996.??.??"]
[Round "7"]
[White "Rogozenko, Dorin"]
[Black "Reeh, Oliver"]
[Result "1-0"]
[WhiteElo "2525"]
[BlackElo "2420"]

1.d4 Nf6 2.c4 e6 3.Nc3 Bb4 4.Nf3 c5 5.g3 cxd4 6.Nxd4 O-O 7.Bg2 d5 8.cxd5 Nxd5
9.Qb3 Nc6 10.Nxc6 bxc6 11.O-O Qa5 12.Bd2 Bxc3 13.Bxc3 Nxc3 14.bxc3 Ba6 15.Qb4 Qc7
16.c4 Rad8 17.Qa4 Bc8 18.Bxc6 Rd6 19.Bf3 Bd7 20.Qa3 Bc6 21.c5 Rd7 22.Rfd1 Rfd8
23.Rxd7 Rxd7 24.Rc1 h6 25.Qa6 Bxf3 26.exf3 Kh7 27.c6 Rd5 28.Qb7 Qxb7 29.cxb7 Rb5
30.Rc7 Kg6 31.Kf1 Rb2 32.f4 f5 33.h4 Kf6 34.h5 g6 35.hxg6 Kxg6 36.Ke1 Kh5
37.Rg7 a5 38.a4 Rb4 39.Kf1 Rb2 40.Kg2 Rb1 41.f3  1-0

[Event "Hamburg HSK"]
[Site "Hamburg"]
[Date "1996.??.??"]
[Round "9"]
[White "Rogozenko, Dorin"]
[Black "Socko, Bartosz"]
[Result "0-1"]
[WhiteElo "2525"]
[BlackElo "2445"]

1.d4 Nf6 2.c4 e6 3.Nc3 Bb4 4.Nf3 c5 5.g3 cxd4 6.Nxd4 O-O 7.Bg2 d5 8.cxd5 Nxd5
9.Qb3 Qb6 10.Bxd5 exd5 11.Be3 Bh3 12.g4 Nd7 13.Rg1 Nf6 14.Rg3 Bxg4 15.Nf5 Bxc3+
16.Qxc3 Qe6 17.Nd4 Qd7 18.f3 Bh5 19.Bg5 Ne8 20.Kf2 f6 21.Bf4 Rc8 22.Qa3 b6
23.b3 Rf7 24.Rag1 g6 25.Rc1 Rxc1 26.Bxc1 Ng7 27.Bb2 g5 28.b4 Bg6 29.e3 Nf5
30.Nxf5 Qxf5 31.Qc3 h5 32.Rg1 h4 33.Rc1 Rf8 34.Qd4 Bh5 35.f4 Rf7 36.Rc6 Qg4
37.Qd2 gxf4 38.Bxf6 fxe3+ 39.Kxe3 d4+  0-1

[Event "FIN-ch"]
[Site "Helsinki"]
[Date "1996.??.??"]
[Round "3"]
[White "Kekki, Petri"]
[Black "Kokkila, Tero"]
[Result "0-1"]
[WhiteElo "2350"]
[BlackElo "2210"]

1.d4 Nf6 2.c4 e6 3.Nc3 Bb4 4.Nf3 b6 5.Qb3 c5 6.a3 Ba5 7.Bg5 h6 8.Bh4 Nc6
9.O-O-O g5 10.Bg3 Bxc3 11.Qxc3 Ne4 12.Qe3 Nxg3 13.hxg3 Qf6 14.dxc5 Rb8 15.Qc3 Qxc3+
16.bxc3 bxc5 17.Nxg5 Na5 18.e3 Bb7 19.Be2 Bxg2 20.Nxf7 Kxf7 21.Rxd7+ Ke8
22.Rhd1 Nb3+ 23.Kc2 Be4+ 24.Bd3 Kxd7 25.Bxe4+ Ke7 26.Bc6 Rhd8 27.Rxd8 Kxd8  0-1

[Event "NLD-chT9697"]
[Site "Holland"]
[Date "1996.??.??"]
[Round "?"]
[White "Krudde, Fitzgerald"]
[Black "Deleyn, Gunter"]
[Result "1-0"]
[WhiteElo "2255"]
[BlackElo "2275"]

1.d4 Nf6 2.c4 e6 3.Nf3 Bb4+ 4.Nc3 c5 5.g3 O-O 6.Bg2 Qe7 7.d5 Bxc3+ 8.bxc3 e5
9.O-O d6 10.Nh4 Nh5 11.e4 Nf4 12.gxf4 Qxh4 13.fxe5 dxe5 14.f4 Bg4 15.Qd3 Nd7
16.f5 Kh8 17.Bd2 Rab8 18.a4 Qf6 19.Rae1 Qd6 20.Qg3 Bh5 21.Qh4 g6 22.f6 a6
23.Bh6 Rg8 24.Re3 b5 25.axb5 axb5 26.cxb5 Rxb5 27.Rh3 Rb6 28.Bg5 Rgb8 29.Qf2 Rb2
30.Qh4 Rb1 31.c4 Qa6 32.Rc3 Qa1 33.Rcc1 Rxc1 34.Rxc1 Rb1 35.Qe1 Rxc1 36.Qxc1 Qxc1+
37.Bxc1 Be2 38.Bh3 Nxf6 39.Bb2 Nxe4 40.Bxe5+ f6 41.d6 Nxd6 42.Bxd6 Bxc4 43.Bxc5 Kg7
44.Kf2 Bd3 45.Be6 g5 46.Ke3 Bc2 47.Kd4 Kg6 48.Be7 h5 49.Bd7 Bd1 50.Bd8 g4
51.Ke4 Kg5 52.Bc7 Bc2+ 53.Ke3 h4 54.Bf4+ Kh5 55.Be8+  1-0

[Event "NLD-chT9697"]
[Site "Holland"]
[Date "1996.??.??"]
[Round "?"]
[White "Barsov, Alexei"]
[Black "Tjiam, Dharma"]
[Result "1-0"]
[WhiteElo "2465"]
[BlackElo "2340"]

1.d4 Nf6 2.c4 e6 3.Nc3 Bb4 4.Nf3 c5 5.g3 cxd4 6.Nxd4 O-O 7.Bg2 d5 8.cxd5 Nxd5
9.Bd2 Nxc3 10.bxc3 Bc5 11.Be3 Qe7 12.O-O Nd7 13.Rb1 Nb6 14.Rb5 Bd6 15.Qd3 Bc7
16.c4 e5 17.Nf5 Qf6 18.g4 Be6 19.c5 Bc4 20.Qb1 Bxb5 21.cxb6 Bxe2 22.bxc7 Bxg4
23.Ng3 Rac8 24.Qxb7 Qd6 25.Rc1 Rfe8 26.Bxa7 Qd2 27.Qb1 Re7 28.Ne4 Qd7 29.Bb6 h6
30.Qb4 Re6 31.Nc5 Rxb6 32.Qxb6 Qd2 33.Nb3 Qxa2 34.Bb7  1-0

[Event "NLD-chT9697"]
[Site "Holland"]
[Date "1996.??.??"]
[Round "?"]
[White "Barsov, Alexei"]
[Black "Bosman, Michiel"]
[Result "1-0"]
[WhiteElo "2465"]
[BlackElo "2285"]

1.d4 Nf6 2.c4 e6 3.Nc3 Bb4 4.Nf3 b6 5.Qb3 Qe7 6.g3 Bb7 7.Bg2 O-O 8.O-O Bxc3
9.Qxc3 Be4 10.b4 a5 11.b5 d6 12.a4 Nbd7 13.Ba3 Rfc8 14.Qe3 Rab8 15.Rfd1 Qe8
16.Rac1 h6 17.Bb2 Qe7 18.Bh3 Bh7 19.Nd2 Re8 20.f4 d5 21.Ba3 Qd8 22.Bg2 Nf8
23.Nf3 Ng6 24.Ne5 Rb7 25.Qb3 Ne7 26.Bxe7 Qxe7 27.cxd5 exd5 28.Bxd5 Nxd5 29.Qxd5 Rbb8
30.Rc6 Rbd8 31.Qc4 Rd7 32.Nxd7 Qe3+ 33.Kf1  1-0

[Event "Hawaii op"]
[Site "Honolulu"]
[Date "1996.??.??"]
[Round "5"]
[White "Mont Reynaud, Jordy"]
[Black "Donaldson, John W"]
[Result "1/2-1/2"]
[WhiteElo "2140"]
[BlackElo "2420"]

1.d4 Nf6 2.c4 e6 3.Nc3 Bb4 4.Nf3 c5 5.g3 O-O 6.Bg2 cxd4 7.Nxd4 d5 8.Qb3 Bxc3+
9.bxc3 e5 10.Nc2 dxc4 11.Qxc4 Be6 12.Qa4 Bd5 13.O-O Bxg2 14.Kxg2 Qc7 15.c4 Nbd7
16.Ne3 Nb6 17.Qb5 a6 18.Qb3 Qc6+ 19.Kg1 Rfc8 20.Rb1 Nxc4 21.Qxb7 Qe6 22.Qb3 Ne4
23.Nxc4 Qxc4 24.Qxc4 Rxc4 25.f3 Nc3 26.Rb2 Rac8 27.Be3 f5 28.Kf2 f4 29.Ba7 Nb5
30.Bb6 Kf7 31.Rd1 Ke6 32.e3 Nc3 33.Rdd2 Na4 34.Rb3 Rc2 35.Ba5 Rxd2+ 36.Bxd2 Rc2
37.Ke1 fxg3 38.hxg3 Rxa2 39.Rb7 Kf6 40.f4 exf4 41.exf4 Rc2 42.Rb4 Nc5 43.Kd1 Ra2
44.Bc3+ Kf5 45.Bxg7 Ne4 46.Rb3 Kg4 47.Bh6 Nxg3 48.Rb6 Nf5 49.Kc1 a5 50.Kb1 Rd2
51.Bg5 Rd5 52.Kc2 h5 53.Kb3 h4 54.Bxh4 Kxh4 55.Ka4 Nd6 56.f5 Rd4+ 57.Kb3 a4+
58.Kc3 Nxf5 59.Rb5 Rf4 60.Rb4 Nd4  1/2-1/2

[Event "HUN-chT1 9697"]
[Site "Hungary"]
[Date "1996.??.??"]
[Round "3"]
[White "Kovacs, Elod"]
[Black "Medvegy, Nora"]
[Result "0-1"]
[WhiteElo "2320"]
[BlackElo "2300"]

1.d4 Nf6 2.c4 e6 3.Nc3 Bb4 4.Nf3 b6 5.Qb3 c5 6.a3 Bxc3+ 7.Qxc3 Ne4 8.Qc2 Bb7
9.e3 d6 10.b4 Nd7 11.Bb2 O-O 12.Bd3 f5 13.O-O Qe8 14.Nd2 Ng5 15.f4 Nf7 16.bxc5 dxc5
17.dxc5 bxc5 18.Bxg7 Kxg7 19.Qb2+ Nf6 20.Qxb7 Rd8 21.Rf3 Rxd3 22.Rg3+ Kh8
23.Nf3 Rd7 24.Qb2 Nd6 25.Ne5 Rb7 26.Qc2 Nde4 27.Rh3 Rg8 28.Rd1 Qb8 29.Qa4 Rb1
30.Nf7+ Kg7 31.Ng5 Rxd1+ 32.Qxd1 Qd6 33.Qa1 Kg6 34.Rh6+ Kxh6 35.Nf7+ Kg6
36.Nxd6 Nxd6 37.Qe5 Nde4 38.Qxe6 Rd8 39.h3 h5 40.g4 Rd1+ 41.Kg2 hxg4 42.hxg4 fxg4
43.Qe5 Rd2+ 44.Kg1 Rf2 45.a4 a5 46.Qc7 Re2 47.Qxa5 Nd2 48.Qxc5 Nf3+ 49.Kf1 Re1+  0-1

[Event "IRL-ch"]
[Site "Irland"]
[Date "1996.??.??"]
[Round "8"]
[White "McMahon, Daire"]
[Black "O'Cinneide, Mel"]
[Result "1/2-1/2"]
[WhiteElo "2260"]
[BlackElo "2255"]

1.Nf3 Nf6 2.c4 e6 3.d4 Bb4+ 4.Nc3 c5 5.e3 O-O 6.Bd3 d5 7.O-O dxc4 8.Bxc4 cxd4
9.exd4 Bxc3 10.bxc3 Qc7 11.Qd3 b6 12.Re1 Bb7 13.Bb3 Nbd7 14.c4 Rac8 15.Bb2 Rfd8
16.Qe2 Qf4 17.Qe3 Qb8 18.Ng5 Re8 19.f3 h6 20.Nh3 Ba6 21.Rac1 b5 22.c5 Bb7
23.Nf2 Bd5 24.Ne4 Rc6 25.Qd3 a6 26.Bc3 Nxe4 27.fxe4 Bxb3 28.axb3 e5 29.Rf1 b4
30.Qc4 bxc3 31.Qxf7+ Kh7 32.Qxd7 Qc8 33.Qxc8 Rcxc8 34.Rfd1 exd4 35.Rxd4 Rxc5
36.b4 Rce5  1/2-1/2

[Event "ISR-ch"]
[Site "Jerusalem"]
[Date "1996.??.??"]
[Round "1"]
[White "Nor, Igal"]
[Black "Kogan, Artur"]
[Result "0-1"]
[WhiteElo "2295"]
[BlackElo "2475"]

1.d4 Nf6 2.c4 e6 3.Nc3 Bb4 4.Nf3 b6 5.e3 Ne4 6.Qb3 Bxc3+ 7.bxc3 Ba6 8.Bd3 Nd6
9.Nd2 Nc6 10.Qa4 Qc8 11.Qd1 Na5 12.Qe2 c5 13.Ba3 Qc6 14.O-O Qa4 15.dxc5 Qxa3
16.cxd6 Qxd6 17.Nb3 Qe5 18.f4 Qxc3 19.Rac1 Qb4 20.f5 Nxb3 21.axb3 Qxb3 22.fxe6 dxe6
23.Bxh7 Bb7 24.Bc2 Qb4 25.Qg4 O-O 26.Rcd1 Qc3 27.Bd3 f5 28.Qe2 Rad8 29.Bb1 Qe5
30.Kh1 Bc6 31.Rde1 Qc3 32.Rf2 Qe5 33.Qa2 Qxe3 34.Rfe2 Qg5 35.Qxa7 Rd2 36.Rxd2 Qxd2
37.Rg1 Qd4 38.Ba2 Rd8 39.c5 Bxg2+  0-1

[Event "Jyvaskyla op2"]
[Site "Jyvaskyla"]
[Date "1996.??.??"]
[Round "2"]
[White "Myllyniemi, Martti"]
[Black "Gurevich, Vladimir"]
[Result "0-1"]
[WhiteElo "2205"]
[BlackElo "2445"]

1.d4 Nf6 2.c4 e6 3.Nc3 Bb4 4.Nf3 b6 5.e3 Bb7 6.Bd3 O-O 7.O-O Bxc3 8.bxc3 d6
9.Re1 Ne4 10.Qc2 f5 11.Nd2 Qh4 12.Nxe4 Bxe4 13.Bxe4 fxe4 14.a4 Nc6 15.Qe2 Rf6
16.Rf1 Raf8 17.Bd2 Rh6 18.h3 Rf3  0-1

[Event "JUG-ch sf"]
[Site "Kladovo"]
[Date "1996.??.??"]
[Round "?"]
[White "Nestorovic, Dejan"]
[Black "Petronic, Jovan"]
[Result "0-1"]
[WhiteElo "2310"]
[BlackElo "2435"]

1.d4 Nf6 2.c4 e6 3.Nc3 Bb4 4.Nf3 O-O 5.e3 c5 6.Bd3 cxd4 7.exd4 d5 8.O-O dxc4
9.Bxc4 b6 10.Bg5 Bxc3 11.bxc3 Nbd7 12.Qe2 Qc7 13.Rac1 Bb7 14.Bd3 Ng4 15.Be4 Bxe4
16.Qxe4 Ngf6 17.Qe2 Rac8 18.c4 Rfe8 19.Rfe1 h6 20.Bd2 Qc6 21.Qd3 a6 22.Qb3 b5
23.c5 Nd5 24.Ne5 Nxe5 25.Rxe5 Ne7 26.Qg3 Ng6 27.Re2 Red8 28.Qc3 Nh4 29.f3 Nf5
30.Be3 Qd5 31.Rd2 Rd7 32.Bf2 h5 33.Re1 Rxc5 34.dxc5 Qxd2 35.Qxd2 Rxd2 36.Rc1 Ne7
37.Be1 Rd7 38.Bg3 Nc6 39.Bd6 e5 40.g4 hxg4 41.fxg4 f6 42.h4 Kf7 43.h5 b4
44.Kf2 Rb7 45.Rb1 Rb5 46.g5 fxg5 47.Kg3 Ke6 48.Kg4 Ra5 49.Rb2 Ra3 50.Kxg5 Rg3+
51.Kh4 Rg1 52.Rf2 a5  0-1

[Event "Kuala Lumpur schev"]
[Site "Kuala Lumpur"]
[Date "1996.??.??"]
[Round "2"]
[White "Ravi, Lanka"]
[Black "Ooi Chern Ee"]
[Result "1-0"]
[WhiteElo "2390"]
[BlackElo "2220"]

1.d4 Nf6 2.Nf3 e6 3.c4 Bb4+ 4.Nc3 O-O 5.e3 c5 6.Bd3 d5 7.O-O Nc6 8.a3 Bxc3
9.bxc3 Qc7 10.h3 Re8 11.Bb2 Na5 12.cxd5 exd5 13.Nd2 c4 14.Bc2 Bd7 15.Re1 Ne4
16.Nf1 f5 17.a4 a6 18.Re2 b5 19.axb5 axb5 20.Qe1 Nb7 21.f3 Rxa1 22.Qxa1 Ned6
23.Nd2 Qa5 24.Qxa5 Nxa5 25.Ba3 Nab7 26.Kf2 Kf7 27.e4 fxe4 28.fxe4 dxe4 29.Nxe4 Nxe4+
30.Bxe4 Na5 31.Re3 Bc6 32.d5 Bb7 33.g4 Nb3 34.Bg2 Rxe3 35.Kxe3 Bc8 36.Kf4 Kf6
37.h4 h6 38.g5+ hxg5+ 39.hxg5+ Kf7 40.Ke5 Bd7 41.Kd6 Ke8 42.Kc7 Na1 43.Be4 Nb3
44.Bg6+  1-0

[Event "Le Touquet op"]
[Site "Le Touquet"]
[Date "1996.??.??"]
[Round "?"]
[White "Mancini, Mario"]
[Black "Shipov, Sergei"]
[Result "0-1"]
[WhiteElo "2235"]
[BlackElo "2540"]

1.d4 Nf6 2.c4 e6 3.Nc3 Bb4 4.Nf3 c5 5.e3 O-O 6.Be2 cxd4 7.exd4 d5 8.O-O dxc4
9.Bxc4 a6 10.Bg5 b5 11.Bb3 Bb7 12.Qe2 Bxc3 13.bxc3 Nbd7 14.a4 Qc7 15.Rfc1 h6
16.Bh4 Bd5 17.c4 bxc4 18.Bxc4 Rac8 19.Nd2 Qf4 20.Bxf6 Nxf6 21.Bxd5 Rxc1+
22.Rxc1 Nxd5 23.Nb3 Rb8 24.g3 Qd6 25.Rc5 Qb6 26.Qc2 Ne7 27.Nd2 Qb4 28.Nf3 Qa3
29.Ne5 Qa1+ 30.Kg2 Qxd4 31.Nc6 Nxc6 32.Rxc6 a5 33.Rc5 g6 34.Rc8+ Rxc8 35.Qxc8+ Kg7
36.Qe8 Qd5+ 37.Kg1 g5 38.h3 h5 39.Kh2 h4 40.gxh4 Qe5+ 41.Kg2 gxh4 42.Kg1 Qe1+
43.Kg2 Qe4+ 44.Kg1 Qb4 45.Qd8 Kg6 46.Qg8+ Kf6 47.Qd8+ Kf5 48.Qd3+ Ke5 49.Qe3+ Kd6
50.Qd3+ Ke7 51.Qc2 Qe1+ 52.Kg2 Qe5 53.Kg1 f5 54.Qc1 Kd7 55.Qd1+ Ke7 56.Qc1 f4
57.Qb1 Kf6 58.Qd1 Qd5 59.Qa1+ e5 60.Qa3 Ke6 61.Qc1 Kf6 62.Kh2 Qe4 63.Qc7 Qxa4
64.Qd6+ Kf5 65.Qd3+ Ke6 66.Qg6+ Kd5 67.Qg8+ Kd4 68.Qd8+ Ke4 69.Qxh4 Qd4 70.Kg2 Kd3
71.Qf6 Qd5+ 72.Kg1 Ke2 73.h4 Qd1+ 74.Kh2 Kxf2 75.Qb6+ Kf3 76.Qg6 Qe2+ 77.Kh3 Qf1+  0-1

[Event "Wch U20"]
[Site "Medellin"]
[Date "1996.??.??"]
[Round "5"]
[White "Lauber, Arnd"]
[Black "Kacheishvili, Giorgi"]
[Result "0-1"]
[WhiteElo "2380"]
[BlackElo "2515"]

1.d4 Nf6 2.c4 e6 3.Nc3 Bb4 4.Nf3 b6 5.Qb3 Qe7 6.e3 Bb7 7.Bd3 Ne4 8.O-O Bxc3
9.bxc3 f5 10.a4 d6 11.Nd2 Nd7 12.f3 Nxd2 13.Bxd2 O-O 14.a5 Kh8 15.Qc2 Nf6
16.e4 fxe4 17.fxe4 h6 18.Rae1 e5 19.Rf3 Rf7 20.h3 Raf8 21.axb6 axb6 22.Ref1 Re8
23.Qc1 Rff8 24.d5 Bc8 25.Qe1 Nh7 26.Rxf8+ Rxf8 27.Rxf8+ Nxf8 28.Qg3 Bd7 29.Be1 Be8
30.Bd2 Bg6 31.Qg4 Qe8 32.Bc2 Kg8 33.Kf2 Nd7 34.Qf3 Qa8 35.Qg4 Qe8 36.Qf3 Kh7
37.Ba4 Qe7 38.Bxd7 Qxd7 39.Ke3 Qa4 40.Kd3 b5 41.cxb5 Qxb5+ 42.Ke3 Qc5+ 43.Ke2 Qc4+
44.Ke3 c6 45.dxc6 Qc5+ 46.Ke2 Qxc6 47.Ke3 Qb6+ 48.Ke2 Qb7 49.Ke3 Qb1 50.Kf2 Bxe4
51.Qe3 Qb7 52.Qg3 Qb6+ 53.Kf1 Bb7 54.Qf2 Qb1+ 55.Qe1 Qd3+ 56.Kg1 Kg8 57.Qf2 Bd5
58.Be1 Qb1 59.Kh2 Bf7 60.Qh4 Kh7 61.Qf2 Bd5 62.Bd2 Qd3 63.Kg1 Qe4 64.Kh2 Qd3
65.Kg1 Be4 66.Kh2 Kg8 67.Be1 Bd5 68.Qb6 Qf1 69.Qf2 Bxg2 70.Qxf1 Bxf1 71.Bf2 g5
72.Kg3 Kf7 73.Be3 Kg6 74.Bc1 h5  0-1

[Event "Metz op"]
[Site "Metz"]
[Date "1996.??.??"]
[Round "?"]
[White "Barsov, Alexei"]
[Black "Lerner, Konstantin Z"]
[Result "1/2-1/2"]
[WhiteElo "2465"]
[BlackElo "2595"]

1.d4 Nf6 2.c4 e6 3.Nc3 Bb4 4.Nf3 Nc6 5.Bg5 h6 6.Bxf6 Qxf6 7.Rc1 e5 8.dxe5 Nxe5
9.Nxe5 Qxe5 10.a3 Bc5 11.b4 Be7 12.Nd5 Bd8 13.Rc3 O-O 14.Re3 Qf5 15.g3 c6
16.Nf4 Bc7 17.Bh3 Qf6 18.O-O Rd8 19.Rf3 Qg5 20.Bg2 a5 21.h4 Qe7 22.Re3 Qf8
23.Nd3 axb4 24.axb4 d6 25.b5 cxb5 26.cxb5 d5 27.Nf4 Bxf4 28.gxf4 Qc5 29.Re5 Qxb5
30.Bxd5 Qb6 31.Qb3 Qxb3 32.Bxb3 Ra3 33.Rb5 Ra6 34.f5 Kf8 35.Rc1 Rc6 36.Rxc6 bxc6
37.Rc5 Rd4 38.Rxc6 Bxf5 39.Rc4 Rd6 40.Rf4 Bg6 41.e3 Ke7 42.Kg2 f6 43.Rb4  1/2-1/2

[Event "Milan"]
[Site "Milan"]
[Date "1996.??.??"]
[Round "3"]
[White "Efimov, Igor"]
[Black "Vujovic, Milivoje"]
[Result "1/2-1/2"]
[WhiteElo "2455"]
[BlackElo "2345"]

1.d4 Nf6 2.c4 e6 3.Nc3 Bb4 4.Nf3 O-O 5.e3 d5 6.Bd3 c5 7.a3 cxd4 8.exd4 Bxc3+
9.bxc3 dxc4 10.Bxc4 Qc7 11.Qd3 b6 12.O-O Bb7 13.Ba2 Ba6 14.c4 Rc8 15.Nd2 Nc6
16.Bb2 Rd8 17.f4 Rd7 18.Qe3 Rad8 19.d5 exd5 20.Bxf6 gxf6 21.cxd5 Bxf1 22.Ne4 Rd6
23.Rxf1 Ne7 24.Qg3+ Kh8 25.Qh3 Ng8 26.Nxd6 Qxd6 27.Bb1 h6 28.Qd3 Kg7 29.Qg3+ Kh8
30.Qd3 Kg7 31.Qg3+ Kh8 32.Rd1  1/2-1/2

[Event "Milan"]
[Site "Milan"]
[Date "1996.??.??"]
[Round "4"]
[White "Efimov, Igor"]
[Black "Lanzani, Mario"]
[Result "1-0"]
[WhiteElo "2455"]
[BlackElo "2320"]

1.d4 Nf6 2.Nf3 e6 3.c4 Bb4+ 4.Nc3 b6 5.Qb3 c5 6.Bf4 Ne4 7.e3 Bb7 8.Bd3 f5
9.O-O Bxc3 10.bxc3 O-O 11.a4 Nc6 12.a5 g5 13.Bxe4 gxf4 14.Bxc6 Bxc6 15.d5 Bb7
16.exf4  1-0

[Event "Minsk op"]
[Site "Minsk"]
[Date "1996.??.??"]
[Round "7"]
[White "Sosulin, A."]
[Black "Zayac, Elena"]
[Result "0-1"]
[WhiteElo "2560"]
[BlackElo "2560"]

1.d4 Nf6 2.c4 e6 3.Nc3 Bb4 4.Nf3 c5 5.g3 Ne4 6.Qd3 cxd4 7.Nxd4 Bxc3+ 8.bxc3 Nc5
9.Qc2 b6 10.Bg2 Bb7 11.Bxb7 Nxb7 12.Qe4 Nc6 13.Ba3 Rc8 14.O-O Nca5 15.Rfd1 Nc5
16.Nf5 O-O 17.Nh6+  0-1

[Event "Minsk op"]
[Site "Minsk"]
[Date "1996.??.??"]
[Round "9"]
[White "Rapoport, Igor"]
[Black "Tunik, Gennady"]
[Result "0-1"]
[WhiteElo "2560"]
[BlackElo "2560"]

1.d4 Nf6 2.c4 e6 3.Nc3 Bb4 4.Nf3 b6 5.Bg5 h6 6.Bh4 Bb7 7.e3 g5 8.Bg3 Ne4
9.Qc2 Bxc3+ 10.bxc3 Nxg3 11.hxg3 d6 12.d5 exd5 13.Qf5 Nd7 14.cxd5 Qf6 15.Qxf6 Nxf6
16.Bb5+ Ke7 17.Bc6 Bxc6 18.dxc6 Ne4 19.c4 f5 20.Nd4 Kf6 21.Ne2 Kg6 22.Rd1 Rhe8
23.O-O Re5 24.Rd5 Rae8 25.Rfd1 Nf6 26.Rxe5 Rxe5 27.Nc3 Rc5 28.Nd5 Nxd5 29.cxd5 Kf6
30.f4 Rc3 31.a4 Rxe3 32.Kf2 gxf4 33.gxf4 Re4 34.a5 Rxf4+ 35.Kg3 Rg4+  0-1

[Event "Mondariz op"]
[Site "Mondariz"]
[Date "1996.??.??"]
[Round "?"]
[White "Bernal Moro, Luis Javier"]
[Black "De la Fuente, Alfredo"]
[Result "1-0"]
[WhiteElo "2455"]
[BlackElo "2135"]

1.d4 Nf6 2.Nf3 e6 3.c4 Bb4+ 4.Nc3 c5 5.e3 Nc6 6.Bd3 Bxc3+ 7.bxc3 d6 8.O-O O-O
9.Nd2 e5 10.Ne4 Bf5 11.Nxf6+ Qxf6 12.e4 Bd7 13.d5 Ne7 14.Rb1 Rab8 15.f3 g5
16.Qd2 h6 17.h4 gxh4 18.Qxh6 Qxh6 19.Bxh6 Rfe8 20.f4 b6 21.fxe5 dxe5 22.Rf6 Ng6
23.Rbf1 Nh8 24.Bg5 h3 25.gxh3 Bxh3 26.R1f2 Bc8 27.Rh6 f5 28.Rg2  1-0

[Event "Moravia-ch op"]
[Site "Moravia"]
[Date "1996.??.??"]
[Round "?"]
[White "Karhanec, Pavel"]
[Black "Michenka, Jozef"]
[Result "1-0"]
[WhiteElo "2110"]
[BlackElo "2380"]

1.d4 Nf6 2.c4 e6 3.Nc3 Bb4 4.Nf3 c5 5.g3 d5 6.cxd5 exd5 7.Bg2 Nc6 8.O-O O-O
9.Bg5 Be6 10.dxc5 Bxc5 11.Rc1 Be7 12.Nd4 Rc8 13.Nxe6 fxe6 14.Bh3 Qd7 15.e4 d4
16.Qb3 Nd8 17.Nb5 Nxe4 18.Rxc8 Nxg5 19.Rc7 Nxh3+ 20.Kg2 Qe8 21.Kxh3 Qh5+
22.Kg2 Bc5 23.Qc4 Bb6 24.Rd7 Qf3+ 25.Kg1 d3 26.Nd4 Qe4 27.Qb4 Nf7 28.Re1 Qg4
29.h3 Qxh3 30.Rxb7 Ng5 31.Qe7 Nf3+  1-0

[Event "Moscow-C"]
[Site "Moscow"]
[Date "1996.??.??"]
[Round "?"]
[White "Kazantsev, Valentin"]
[Black "Mitenkov, Alexey"]
[Result "0-1"]
[WhiteElo "2275"]
[BlackElo "2445"]

1.d4 Nf6 2.c4 e6 3.Nc3 Bb4 4.Nf3 c5 5.g3 cxd4 6.Nxd4 O-O 7.Qb3 Na6 8.Bg2 d5
9.O-O e5 10.Nc2 Bxc3 11.bxc3 dxc4 12.Qxc4 Be6 13.Qb5 Bd5 14.Bxd5 Qxd5 15.c4 Qe4
16.Ne3 Nc7 17.Qb1 Ne6 18.Qxe4 Nxe4 19.Nd5 f6 20.Ba3 Rfd8 21.e3 Kf7 22.Rab1 b6
23.Rfd1 Rac8 24.f3 N4c5 25.Nc3 Nb7 26.Rxd8 Nexd8 27.c5 bxc5 28.Nb5 a6 29.Nc3 Nd6
30.Na4 Ne6 31.Rc1 Nb7 32.Nb6 Rd8 33.Nc4 Rd3 34.Bb2 Nd6 35.Nxd6+ Rxd6 36.Ba3 Rd2
37.Bxc5 Ng5 38.Rf1 Rxa2 39.h4 Nh3+ 40.Kh1 e4 41.g4 exf3 42.Rxf3 Nf2+ 43.Kg1 Nxg4
44.Rf4 h5 45.Rb4 Ke6 46.Rb7 g6 47.e4 Ke5  0-1

[Event "Moscow GM4"]
[Site "Moscow"]
[Date "1996.??.??"]
[Round "?"]
[White "Kazantsev, Valentin"]
[Black "Hatanbaatar, Bazar"]
[Result "0-1"]
[WhiteElo "2275"]
[BlackElo "2425"]

1.d4 Nf6 2.c4 e6 3.Nc3 Bb4 4.Nf3 b6 5.Bg5 h6 6.Bh4 Bb7 7.e3 g5 8.Bg3 Ne4
9.Qc2 Bxc3+ 10.bxc3 d6 11.Bd3 f5 12.d5 exd5 13.Nd4 Qf6 14.f3 dxc4 15.Bxc4 Nxg3
16.hxg3 Rf8 17.Bd3 Nd7 18.Bxf5 O-O-O 19.e4 Rfe8 20.Kf2 Kb8 21.a4 Nc5 22.Rhe1 a5
23.Re3 h5 24.Rae1 g4 25.Rh1 gxf3 26.gxf3 d5 27.Rh4 dxe4 28.fxe4 Rxd4 29.e5 Rd2+
30.Qxd2 Qxf5+ 31.Rf4 Qh3 32.Qd1 Ne6  0-1

[Event "Neuchatel op"]
[Site "Neuchatel"]
[Date "1996.??.??"]
[Round "3"]
[White "Landenbergue, Claude"]
[Black "Leuba, Didier"]
[Result "1/2-1/2"]
[WhiteElo "2430"]
[BlackElo "2295"]

1.c4 Nf6 2.Nc3 e6 3.d4 Bb4 4.Nf3 b6 5.Qc2 Bb7 6.a3 Bxc3+ 7.Qxc3 O-O 8.g3 d6
9.Bg2 c5 10.O-O Qc7 11.Rd1 Nbd7 12.b3 Rfd8 13.Bb2 cxd4 14.Qxd4 Nc5 15.Qe3 e5
16.Rac1 h6 17.h3 Rac8 18.Ba1 Ne6 19.b4 Qb8 20.Nh4 Bxg2 21.Kxg2 Qb7+ 22.Qf3 Qxf3+
23.exf3 Ne8 24.Nf5 Kf8 25.Bb2 g6 26.Ne3 f6 27.a4 Kf7 28.h4 h5 29.Ra1 f5 30.Rdc1 N8c7
31.a5 b5 32.c5 dxc5 33.Bxe5  1/2-1/2

[Event "BCF-ch"]
[Site "Nottingham"]
[Date "1996.??.??"]
[Round "8"]
[White "Parker, Jonathan"]
[Black "Ward, Christopher"]
[Result "1-0"]
[WhiteElo "2470"]
[BlackElo "2460"]

1.d4 Nf6 2.c4 e6 3.Nc3 Bb4 4.Nf3 b6 5.Bg5 h6 6.Bh4 g5 7.Bg3 Ne4 8.Rc1 Bxc3+
9.bxc3 d6 10.Nd2 Nxg3 11.hxg3 Nd7 12.e4 Bb7 13.Bd3 Qe7 14.Qa4 e5 15.c5 dxc5
16.O-O a6 17.f4 gxf4 18.gxf4 exf4 19.Rxf4 Rg8 20.Nf3 Rg7 21.Rb1 cxd4 22.cxd4 Qd6
23.e5 Qc6 24.Qa3 O-O-O 25.Rc1 Qe6 26.Bf5 Qd5 27.Qd6 Qxd6 28.exd6 c5 29.dxc5 bxc5
30.Ne5 Rxg2+ 31.Kf1 Rdg8 32.Rxc5+ Kd8 33.Nxf7+ Ke8 34.Bxd7+ Kxd7 35.Rc7+ Ke6
36.Re7+ Kd5 37.d7 Rg1+ 38.Ke2 R1g2+ 39.Rf2 R2g7 40.Re8  1-0

[Event "Nussloch"]
[Site "Nussloch"]
[Date "1996.??.??"]
[Round "4"]
[White "Piket, Jeroen"]
[Black "Jussupow, Artur"]
[Result "1/2-1/2"]
[WhiteElo "2570"]
[BlackElo "2655"]

1.d4 Nf6 2.c4 e6 3.Nc3 Bb4 4.Nf3 O-O 5.Bg5 d6 6.e3 Nbd7 7.Qb3 c5 8.Bd3 Qa5
9.O-O cxd4 10.exd4 Bxc3 11.Qxc3 Qxc3 12.bxc3 b6 13.Bf4 d5 14.cxd5 Nxd5 15.Bd6 Rd8
16.c4 N7f6 17.c5 Bb7  1/2-1/2

[Event "Oberwart op"]
[Site "Oberwart"]
[Date "1996.??.??"]
[Round "6"]
[White "Wohlfahrt, Herbert J"]
[Black "Loginov, Valery A"]
[Result "0-1"]
[WhiteElo "2235"]
[BlackElo "2525"]

1.d4 Nf6 2.c4 e6 3.Nf3 Bb4+ 4.Nc3 c5 5.e3 O-O 6.Bd3 d5 7.cxd5 exd5 8.O-O Nc6
9.Bd2 Bg4 10.dxc5 Bxc5 11.Be2 a6 12.Rc1 Ba7 13.Nd4 Bxe2 14.Ncxe2 Nxd4 15.exd4 Qb6
16.Rc2 Rfe8 17.Bf4 Rac8 18.Be5 Rxc2 19.Qxc2 Nd7 20.Bf4 Qe6 21.Be3 Nb8 22.Nf4 Qe7
23.Qb3 Rd8 24.Nd3 Nc6 25.Nc5 Bxc5 26.dxc5 Qc7 27.g3 Qe7 28.Rd1 d4 29.Bf4 Qe2
30.Rd2 Qe1+ 31.Kg2 Qe4+ 32.Qf3 f5 33.Re2 Qxf3+ 34.Kxf3 Rd5 35.Rc2 Kf7 36.a3 d3
37.Rc1 Nd4+ 38.Ke3 Nb3 39.Rd1 d2 40.Ke2 Nc1+ 41.Kf1 Nb3 42.Ke2 Nc1+ 43.Kf1 Nd3
44.Ke2 Nxb2 45.Rxd2 Rxd2+ 46.Kxd2 Ke6 47.Kc3 Nd1+ 48.Kd4 Nxf2 49.c6 bxc6
50.Kc5 Nd3+  0-1

[Event "Pamplona9596"]
[Site "Pamplona"]
[Date "1996.??.??"]
[Round "?"]
[White "Zvjaginsev, Vadim"]
[Black "Ljubojevic, Ljubomir"]
[Result "1/2-1/2"]
[WhiteElo "2600"]
[BlackElo "2600"]

1.d4 Nf6 2.c4 e6 3.Nc3 Bb4 4.Nf3 c5 5.g3 O-O 6.Bg2 cxd4 7.Nxd4 d5 8.cxd5 Nxd5
9.Qb3 Qa5 10.Bd2 Nc6 11.e3 Qa6 12.Nxc6 bxc6 13.Bxd5 Bxc3 14.Bc4 Bxd2+ 15.Kxd2 Qa5+
16.Ke2 Qh5+ 17.f3 e5 18.e4 Qh3 19.Kf2 Be6 20.Bf1 Qh5 21.Qc3 Rad8 22.Bg2 f5
23.exf5 Qxf5 24.Rhd1 Bd5 25.Kg1 Rde8 26.Re1 Bxf3 27.Qb3+ Rf7 28.Bxf3 Qxf3
29.Rxe5 Rxe5 30.Qb8+ Rf8 31.Qxe5 Qf2+ 32.Kh1 Qf3+ 33.Kg1 Qf2+ 34.Kh1 h6 35.Re1 Qf3+
36.Kg1 Qf2+ 37.Kh1  1/2-1/2